000 00361nam a2200145Ia 4500
003 OSt
008 191201s2005 xx 000 0 und d
082 _a650.144
_bBLG
100 _aBLOCK, Jay A
245 0 _aGreat Answers, Great Questions For Your Job Interview
260 _aNew Delhi
_bTMH
_c2005
300 _a200
650 _aGeneral Books
942 _2ddc
_cBK
999 _c1652
_d1652